=LDR 00000nam 2200000 4500 =001 INLIS000000000030156 =005 20130612132327 =008 ***********************************Ind** =035 ##$$0010-061300000030156 =041 ##$$a Ind =082 ##$$a F Rom D =090 ##$$a F Rom D, Har h =100 ##$$a Audah, Ali =245 ##$$a hari-hari berlalu, Taha Husain =260 ##$$a 1985 $b Bandung =300 ##$$a 652 hlm, 15 cm =650 ##$$a Fiksi Indonesia =850 ##$$a NBPNMAT